Die Auskleidung von Druckstollen und Drucskschächten: mit 93 Textabbildungen und einer Zusammenstellung ausgefuhrter Druckstollen auf 5 Tafeln

Бібліографічні деталі
Автор: Walch O. Otto
Мова:Німецька
Опубліковано: Berlin, Verlag von Julius Springer, 1926
Предмети:
Формат: Книга
KOHA link:https://koha.lib.tpu.ru/cgi-bin/koha/opac-detail.pl?biblionumber=141620

MARC

LEADER 00000nam0a2200000 4500
001 141620
005 20231031142509.0
035 |a (RuTPU)RU\TPU\book\153514 
090 |a 141620 
100 |a 20080822d1926 k y0gery50 ba 
101 0 |a ger 
102 |a DE 
105 |a a z 001zy 
200 1 |a Die Auskleidung von Druckstollen und Drucskschächten  |e mit 93 Textabbildungen und einer Zusammenstellung ausgefuhrter Druckstollen auf 5 Tafeln  |f O. Walch 
210 |a Berlin  |c Verlag von Julius Springer  |d 1926 
215 |a 188 s.  |c il. 
320 |a Literaturverzeichniss: p. 183-286. 
610 1 |a шахты 
610 1 |a угольные шахты 
610 1 |a оборудование 
610 1 |a водное хозяйство 
610 1 |a водоотведение 
610 1 |a немецкий язык 
675 |a 622.333.012.2  |v 3 
700 1 |a Walch  |b O.  |g Otto 
801 1 |a RU  |b 63413507  |c 20080822  |g PSBO 
801 2 |a RU  |b 63413507  |c 20090211  |g PSBO 
942 |c BK